| 000 | 00616pam a2200217 i 4500 | ||
|---|---|---|---|
| 001 | 2689985 | ||
| 005 | 20180130032926.0 | ||
| 008 | 750827s1976 nyua b 001 0 eng | ||
| 010 | _a 75029037 | ||
| 020 | _a0394301056 | ||
| 040 |
_aDLC _cDLC _dDLC |
||
| 041 | _aeng | ||
| 080 | _a301.32 rap | ||
| 082 | 0 | 0 | _a301.32 rap |
| 100 | 1 | _a21 | |
| 101 | _apol | ||
| 245 | 1 | 0 |
_aPopulation dynamics : _cRalph Thomlinson. |
| 504 | _aIncludes bibliographical references and indexes. | ||
| 906 |
_a7 _bcbc _corignew _d1 _eocip _f19 _gy-gencatlg |
||
| 942 |
_2ddc _cBK |
||
| 999 |
_c41210 _d41210 |
||